01007nam a2200265 u 450000100100000000500170001000800410002702000150006804000250008304100390010808200130014710000290016024000440018924500900023326000370032330000200036049000260038053400530040650000740045970000330053383000320056604900090059895201170060799900170072400002522820200930023638.0110211s1974 sp r 001 0 spa d a8429710272 aDO-SdBNPbspacBNPHU17aspahfre2Código de idiomas MARC ann*bnn*1 aBirnbaum, Norman.95170710aToward a critical sociology.lEspañol10aHacia una sociología crítica /cNorman Birnbaum ; traducción de Pablo di Masso. aBarcelona :bPenínsula,c1974. a396 p ;c20 cm.1 aHomo sociologicus.v2 aTítulo original :tToward a critical sociology aIncluye referencias bibliográficas y notas al pie de las páginas.1 aMasso, Pablo di,etr.951708 0aHomo sociologicusv2951709 aBNGR 001054708MOaGRbGRcCTd2011-02-11iLF1l0onn* nn*p25228-10r2020-06-25w2020-06-25y4ZPréstamo en sala c24721d24721